MARC details
| 000 -LEADER |
| fixed length control field |
00913nam a22002417a 4500 |
| 003 - CONTROL NUMBER IDENTIFIER |
| control field |
LK-CoMWRAF |
| 005 - DATE AND TIME OF LATEST TRANSACTION |
| control field |
20240105004724.0 |
| 008 - FIXED-LENGTH DATA ELEMENTS--GENERAL INFORMATION |
| fixed length control field |
240105b2015 |||||||| |||| 00| 0 eng d |
| 020 ## - INTERNATIONAL STANDARD BOOK NUMBER |
| International Standard Book Number |
9789555801720 |
| 040 ## - CATALOGING SOURCE |
| Original cataloging agency |
LK-CoMWRAF |
| Modifying agency |
LK-CoMWRAF |
| Description conventions |
LK-CoMWRAF |
| 041 ## - LANGUAGE CODE |
| Language code of text/sound track or separate title |
English |
| 082 ## - DEWEY DECIMAL CLASSIFICATION NUMBER |
| Classification number |
303.6 |
| Item number |
INT |
| 942 ## - ADDED ENTRY ELEMENTS (KOHA) |
| Koha item type |
Books |
| 110 ## - MAIN ENTRY--CORPORATE NAME |
| Corporate name or jurisdiction name as entry element |
International Centre for Ethnic Studies |
| 710 ## - ADDED ENTRY--CORPORATE NAME |
| Corporate name or jurisdiction name as entry element |
World Comics India |
| 245 ## - TITLE STATEMENT |
| Title |
Picturing coexistence and conflict : |
| Remainder of title |
learning about the other through grassroots comics |
| 260 ## - PUBLICATION, DISTRIBUTION, ETC. (IMPRINT) |
| Place of publication, distribution, etc. |
Colombo: |
| Name of publisher, distributor, etc. |
International Centre for Ethnic Studies, |
| Date of publication, distribution, etc. |
2015 |
| 300 ## - PHYSICAL DESCRIPTION |
| Extent |
54 p. : chiefly ill. ; 30 cm |
| 856 ## - ELECTRONIC LOCATION AND ACCESS |
| Uniform Resource Identifier |
<a href="https://www.sitesofconscience.org/wp-content/uploads/2016/08/ICES-Picturing-Coexistence-and-Conflict-FINAL-WEB-PDF.pdf">https://www.sitesofconscience.org/wp-content/uploads/2016/08/ICES-Picturing-Coexistence-and-Conflict-FINAL-WEB-PDF.pdf</a> |
| 650 ## - SUBJECT ADDED ENTRY--TOPICAL TERM |
| Topical term or geographic name as entry element |
Ethnic conflict-Galle District-Sri Lanka-Comic books,strips |
| 650 ## - SUBJECT ADDED ENTRY--TOPICAL TERM |
| Topical term or geographic name as entry element |
Religious discrimination |
| 650 ## - SUBJECT ADDED ENTRY--TOPICAL TERM |
| Topical term or geographic name as entry element |
Religious tolerance |